000 00299nam a22001337a 4500
008 170524b xxu||||| |||| 00| 0 eng d
020 _a9780131229174
041 _aeng
080 _a621.3
100 _a26
101 _aIM
245 _aHUMAN FACTORS ENGINERING
_cWICKER.CH.D
942 _2udc
_cBK
999 _c14164
_d14164